| 000 | 01409nam0a22002531 4500 | ||
|---|---|---|---|
| 001 | rc\644165 | ||
| 005 | 20031121164821.6 | ||
| 035 | _a(NLR Aleph) 005885069 | ||
| 090 |
_a6118390 _c6118390 |
||
| 100 | _a20031121d1986 u |0rusy50 ca | ||
| 101 | 0 | _arus | |
| 102 | _aRU | ||
| 105 | _aa ||||||||| | ||
| 200 | 1 |
_aПроблемные вопросы активного воздействия на атмосферные процессы в Молдавии _e(Сб. науч. тр.) _fГос. агропром. ком. МССР, Гл. упр. науки и внедрения достижений науч.-техн. прогресса, Военизир. служба по актив. воздействию на гидрометеорол. процессы Гос. ком. СССР по гидрометеорологии и контрол. природ. среды _g[Редкол.: Л.А. Диневич (гл. ред.) и др.] |
|
| 210 |
_aКишинев _cБ. и. _d1986 |
||
| 215 |
_a155, [2] с. _cил. _d20 |
||
| 320 | _aБиблиогр. в конце ст. | ||
| 702 | 1 |
_aДиневич _bЛ. А. _4340 |
|
| 712 | 0 | 1 |
_aМССР _bАгропромышленный ком. _bГлавное упр. науки и внедрения достижений науч.-техн. прогресса |
| 801 | 0 |
_aRU _bNLR _gpsbo |
|
| 801 | 1 |
_aRU _bELAR _2rusmarc |
|
| 852 |
_aNLR _j86-3/9789 |
||
| 942 | _cBOOK | ||
| 980 | _aNB | ||